Informe final del Ejercicio Profesional Supervisado, realizado en la municipalidad de Fray Bartolomé de las Casas, Alta Verapaz/ (Registro nro. 1629)

Detalles MARC
000 -LEADER
campo de control de longitud fija 02928nam a22003137i 4500
001 - NÚMERO DE CONTROL
campo de control TCPA 73
003 - IDENTIFICADOR DE NÚMERO DE CONTROL
campo de control gtcocun
005 - FECHA Y HORA DE LA ÚLTIMA TRANSACCIÓN
campo de control 20250902222435.0
006 - CÓDIGOS DE INFORMACIÓN DE LONGITUD FIJA--CARACTERÍSTICAS DEL MATERIAL ADICIONAL
campo de control de longitud fija a||||gr|||| 00| 0
008 - DATOS DE LONGITUD FIJA--INFORMACIÓN GENERAL
campo de control de longitud fija 250902b2019 gt ||||| m||| 00| 0 eng d
040 ## - FUENTE DE CATALOGACIÓN
Centro catalogador/agencia de origen gtcocun
Lengua de catalogación SPA
Centro/agencia transcriptor gtcocun
Normas de descripción RDA
041 ## - CÓDIGO DE IDIOMA
Código de lengua del texto/banda sonora o título independiente SPA
084 ## - OTRO NÚMERO DE CLASIFICACIÓN
Número de control del registro de autoridad o número normalizado TCPA 73
100 ## - ENTRADA PRINCIPAL--NOMBRE DE PERSONA
Nombre de persona Macz Icó, Jose Angel
Término indicativo de función/relación Autor
245 ## - MENCIÓN DEL TÍTULO
Título Informe final del Ejercicio Profesional Supervisado, realizado en la municipalidad de Fray Bartolomé de las Casas, Alta Verapaz/
Mención de responsabilidad, etc. Jose Angel Macz Icó
Medio Impreso
264 ## - PRODUCCIÓN, PUBLICACIÓN, DISTRIBUCIÓN, FABRICACIÓN Y COPYRIGHT
Producción, publicación, distribución, fabricación y copyright Cobán, Alta Verapaz:
Nombre del de productor, editor, distribuidor, fabricante Universidad de San Carlos de Guatemala, Centro Universitario del Norte, Licenciatura en Contaduría Pública y Auditoría
Fecha de producción, publicación, distribución, fabricación o copyright 2019
300 ## - DESCRIPCIÓN FÍSICA
Extensión 43 p.:
Otras características físicas Ilustraciones, gráficas.
Dimensiones 28 cm; PDF
336 ## - TIPO DE CONTENIDO
Fuente rdacontenido
Término de tipo de contenido Texto
Código de tipo de contenido txt
337 ## - TIPO DE MEDIO
Fuente rdamedio
Nombre/término del tipo de medio Computadora
Código del tipo de medio n
338 ## - TIPO DE SOPORTE
Fuente rdasoporte
Nombre/término del tipo de soporte Código en línea
Código del tipo de soporte cr
502 ## - NOTA DE TESIS
identificador de la tesis .
502 ## - NOTA DE TESIS
Nota de tesis Tesis de grado
Tipo de título Licenciatura en Contaduría Pública y Auditoría
Nombre de la institución que otorga el título Universidad de San Carlos de Guatemala, Centro Universitario del Norte, Licenciatura en Contaduría Pública y Auditoría
Año de obtención del título 2019
Identificador de la tesis TCPA 73
520 14 - RESUMEN, ETC.
Sumario, etc. La Universidad de San Carlos de Guatemala, a través del Centro<br/>Universitario del Norte en la carrera de Contaduría Pública y Auditoría, en su fase<br/>final para el cierre de pensum, tiene la realización del Ejercicio Profesional<br/>Supervisado, que consiste en poner en práctica los conocimientos adquiridos a lo<br/>largo de la carrera, la práctica integra cuatro fases, siendo estas el diagnóstico,<br/>plan de trabajo, ejecución y presentación de informe.<br/><br/>La primera fase que corresponde al diagnóstico realizado en municipalidad<br/>de Fray Bartolomé de las Casas, ubicada en el municipio de Fray Bartolomé de<br/>las Casas, Alta Verapaz, permitió el conocimiento general de la Municipalidad.<br/><br/>En la segunda fase se elaboró el plan de trabajo que conjuntamente con<br/>autoridades de la Municipalidad, se determinaron y priorizaron las distintas<br/>actividades que fueron desarrolladas. En cada una de las actividades se aplicaron<br/>los conocimientos necesarios para atender a la problemática que la municipalidad<br/>presentaba, enfocados a los procedimientos de control interno.<br/><br/>En la tercera fase se describen los resultados obtenidos de las actividades<br/>del plan de trabajo, en el cual se determinaron los puntos débiles de cada una y<br/>las acciones a seguir, para el desvanecimiento de la problemática. Como<br/>siguiente proceso la cuarta fase es la presentación de los informes con los<br/>resultados obtenidos.
650 ## - PUNTO DE ACCESO ADICIONAL DE MATERIA--TÉRMINO DE MATERIA
Fuente del encabezamiento o término LEMB
Término de materia o nombre geográfico como elemento de entrada Fray Bartolomé de las Casas
Subdivisión general Registros contables
-- cuentas por pagar
-- costratistas
700 ## - ENTRADA AGREGADA--NOMBRE PERSONAL
Nombre de persona Lic. José Alfonso Barrios Figueroa
Término indicativo de función/relación Asesor
856 ## - LOCALIZACIÓN Y ACCESO ELECTRÓNICOS
Identificador Uniforme de Recurso <a href="https://drive.google.com/file/d/1SPe6tqqtebcOIry9-AotVKRwobEAxQi5/view?usp=sharing">https://drive.google.com/file/d/1SPe6tqqtebcOIry9-AotVKRwobEAxQi5/view?usp=sharing</a>
Texto de enlace PDF
Nota pública Un ejemplar en línea.
942 ## - ELEMENTOS DE ENTRADA SECUNDARIOS (KOHA)
Fuente de la clasificación o esquema de estantería Clasificación Decimal Dewey
Tipo de ítem Koha TESIS
Parte de la signatura que identifica el ejemplar (Parte del ítem) TCPA_73
Prefijo de la signatura Clasificación
Suprimir en OPAC No
-- TCPA__73
Existencias
Estatus retirado Estado de pérdida Fuente de la clasificación o esquema de estantería Estado de daño No para préstamo Colección Biblioteca de origen Biblioteca actual Ubicación en estantería Fecha de adquisición Número de inventario Total de préstamos Signatura topográfica completa Código de barras Visto por última vez Precio de reemplazo Tipo de ítem Koha
    Clasificación Decimal Dewey     tesis BIBLIOTECA- CUNOR -JOSÉ LUIS GONZALES ROSALES BIBLIOTECA- CUNOR -JOSÉ LUIS GONZALES ROSALES Colección tesis 02/09/2025 TCPA 073   TCPA 073 TCPA 073 02/09/2025 02/09/2025 TESIS